[Event "CHI-ch sf"]
[Site "Quilpue"]
[Date "2020.02.01"]
[Round "5"]
[White "Gasic Merino, Franco Ignacio"]
[Black "Rosales Schulz, Kevin"]
[Result "1-0"]
[WhiteElo "2177"]
[BlackElo "2021"]
[PlyCount "55"]
[EventDate "2020.01.30"]
[EventType "swiss"]
[EventRounds "8"]
[EventCountry "CHI"]
[SourceTitle "CBM 194 Extra"]
[Source "ChessBase"]
[SourceDate "2020.03.31"]
[SourceVersion "1"]
[SourceVersionDate "2020.03.31"]
[SourceQuality "1"]

1. d4 d5 2. Nf3 Nf6 3. g3 g6 4. Nbd2 Bg7 5. c4 c5 6. cxd5 Qxd5 7. e4 Qd8 8. d5 Qa5 9. b4 Qxb4 10. Rb1 Qa5 11. Bc4 0-0 12. 0-0 Qc7 13. Re1 Rd8 14. Ng5 Rf8 15. e5 Ng4 16. f4 Bf5 17. Rb3 h6 18. Ngf3 h5 19. Ne4 a6 20. a4 Bd7 21. d6 exd6 22. Nxd6 Bxa4 23. Ng5 Nh6 24. Qd3 Nf5 25. Rxb7 Qd8 26. Ngxf7 Rxf7 27. Rxf7 Kh7 28. Rxf5 1-0

[Event "CHI-ch sf"]
[Site "Quilpue"]
[Date "2019.01.20"]
[Round "7"]
[White "Rosales Schulz, Kevin"]
[Black "Lopez Silva, Hugo Andres"]
[Result "0-1"]
[WhiteElo "2019"]
[BlackElo "2399"]
[PlyCount "40"]
[EventDate "2019.01.17"]
[EventType "swiss"]
[EventRounds "8"]
[EventCountry "CHI"]
[SourceTitle "CBM 188 Extra"]
[Source "ChessBase"]
[SourceDate "2019.02.26"]
[SourceVersion "1"]
[SourceVersionDate "2019.02.26"]
[SourceQuality "1"]

1. e4 e5 2. Nf3 Nc6 3. d4 exd4 4. Bc4 Bc5 5. 0-0 d6 6. Bg5 Nge7 7. c3 Bg4 8. h3 Bxf3 9. gxf3 Qd7 10. Qb3 0-0 11. Bxe7 Qxe7 12. cxd4 Nxd4 13. Qd3 Qg5+ 14. Kh1 Qf4 15. Kg2 Rae8 16. Rh1 Qg5+ 17. Kf1 Qc1+ 18. Kg2 Qxb2 19. Nc3 Ne6 20. Ne2 Nf4+ 0-1

[Event "CHI-ch sf"]
[Site "Quilpue"]
[Date "2019.01.18"]
[Round "4"]
[White "Lobos Barrenechea, Miguel"]
[Black "Rosales Schulz, Kevin"]
[Result "0-1"]
[WhiteElo "2327"]
[BlackElo "2019"]
[PlyCount "50"]
[EventDate "2019.01.17"]
[EventType "swiss"]
[EventRounds "8"]
[EventCountry "CHI"]
[SourceTitle "CBM 188 Extra"]
[Source "ChessBase"]
[SourceDate "2019.02.26"]
[SourceVersion "1"]
[SourceVersionDate "2019.02.26"]
[SourceQuality "1"]

1. e4 e5 2. Nf3 Nc6 3. Bb5 a6 4. Ba4 Nf6 5. 0-0 d6 6. Re1 b5 7. Bb3 Be6 8. Bxe6 fxe6 9. a4 Be7 10. c3 0-0 11. Qb3 Qd7 12. axb5 axb5 13. Rxa8 Rxa8 14. Qxb5 Ra1 15. Qd3 d5 16. exd5 e4 17. Qc2 exd5 18. Nd4 Ne5 19. f3 c5 20. Nb3 Rxb1 21. fxe4 Qg4 22. Re3 Nxe4 23. d3 Bg5 24. Rh3 Bxc1 25. Nxc1 Qf4 0-1

[Event "CHI-ch sf"]
[Site "Quilpue"]
[Date "2019.01.17"]
[Round "2"]
[White "Sanchez Alarcon, Juan"]
[Black "Rosales Schulz, Kevin"]
[Result "0-1"]
[WhiteElo "2212"]
[BlackElo "2019"]
[PlyCount "54"]
[EventDate "2019.01.17"]
[EventType "swiss"]
[EventRounds "8"]
[EventCountry "CHI"]
[SourceTitle "CBM 188 Extra"]
[Source "ChessBase"]
[SourceDate "2019.02.26"]
[SourceVersion "1"]
[SourceVersionDate "2019.02.26"]
[SourceQuality "1"]

1. e4 e5 2. Nf3 Nc6 3. Nc3 Nf6 4. d4 exd4 5. Nxd4 Bb4 6. Nxc6 bxc6 7. Bd3 d5 8. exd5 cxd5 9. 0-0 0-0 10. Bg5 Be6 11. Ne2 h6 12. Bh4 Rb8 13. Nd4 Bd7 14. Nf5 Bxf5 15. Bxf5 Bd6 16. b3 Be5 17. Rb1 c6 18. Qf3 Qd6 19. Bg3 Rfe8 20. Rfe1 Bxg3 21. hxg3 Qb4 22. c3 Qa5 23. Rxe8+ Rxe8 24. Rb2 Qa3 25. Rc2 Re5 26. Qf4 Qe7 27. f3 g5 0-1

[Event "CHI-ch sf"]
[Site "Quilpue"]
[Date "2018.01.21"]
[Round "7"]
[White "Aguirre Contreras, Cristian Rodrigo"]
[Black "Rosales Schulz, Kevin"]
[Result "1-0"]
[WhiteElo "2228"]
[BlackElo "2024"]
[PlyCount "111"]
[EventDate "2018.01.18"]
[EventType "swiss"]
[EventRounds "8"]
[EventCountry "CHI"]
[SourceTitle "CBM 182 Extra"]
[Source "ChessBase"]
[SourceDate "2018.02.23"]
[SourceVersion "1"]
[SourceVersionDate "2018.02.23"]
[SourceQuality "1"]

1. e4 e5 2. Nf3 Nc6 3. Bc4 Bc5 4. c3 Nf6 5. d4 exd4 6. cxd4 Bb4+ 7. Bd2 Bxd2+ 8. Nbxd2 d5 9. exd5 Nxd5 10. Qe2+ Be6 11. Bb5 0-0 12. 0-0 Nce7 13. Rfe1 c6 14. Ba4 Bg4 15. Bc2 Re8 16. Bxh7+ Kxh7 17. Ng5+ Kg8 18. Qxg4 Nf6 19. Qf4 Ng6 20. Rxe8+ Qxe8 21. Qc7 Qe7 22. Qxe7 Nxe7 23. Re1 Nf5 24. Ngf3 Rd8 25. Nb3 Nd5 26. g3 f6 27. h4 Kf7 28. Kg2 Nd6 29. Nfd2 Nb4 30. Rb1 Nb5 31. a3 Nc2 32. Nf3 Ncxd4 33. Nfxd4 Nxd4 34. Rd1 Ne6 35. Rxd8 Nxd8 36. Kf3 b6 37. Ke4 Nb7 38. Kf4 c5 39. Nd2 Nd6 40. g4 Ke6 41. h5 Nf7 42. f3 Ne5 43. Ke4 b5 44. b3 a6 45. Nb1 c4 46. b4 Kd6 47. Nc3 Kc6 48. g5 Kd6 49. f4 Nf7 50. gxf6 gxf6 51. Kf5 Ke7 52. Kg6 Nh8+ 53. Kg7 Nf7 54. h6 Nd6 55. h7 Nf7 56. f5 1-0

[Event "CHI-ch sf"]
[Site "Quilpue"]
[Date "2018.01.18"]
[Round "1"]
[White "Diaz Villagran, Robert"]
[Black "Rosales Schulz, Kevin"]
[Result "1-0"]
[WhiteElo "2265"]
[BlackElo "2024"]
[PlyCount "117"]
[EventDate "2018.01.18"]
[EventType "swiss"]
[EventRounds "8"]
[EventCountry "CHI"]
[SourceTitle "CBM 182 Extra"]
[Source "ChessBase"]
[SourceDate "2018.02.23"]
[SourceVersion "1"]
[SourceVersionDate "2018.02.23"]
[SourceQuality "1"]

1. e4 e5 2. Nf3 Nc6 3. Nc3 Nf6 4. g3 d6 5. h3 Be6 6. d4 exd4 7. Nxd4 Nxd4 8. Qxd4 Be7 9. Bg2 0-0 10. 0-0 Nd7 11. Nd5 Bxd5 12. Qxd5 Rb8 13. Be3 Nb6 14. Qd3 Bf6 15. c3 g6 16. a4 Bg7 17. a5 Nc8 18. Rfd1 a6 19. f4 Ne7 20. Ba7 Ra8 21. Bf2 Nc6 22. Qc4 Qf6 23. Rd5 Qe6 24. Qa4 Ne7 25. Rd2 h5 26. h4 Nc6 27. Re1 Qg4 28. Kh2 Qd7 29. e5 Nxe5 30. Qxd7 Nxd7 31. Bxb7 Rae8 32. Rxe8 Rxe8 33. Bxa6 Ra8 34. Bb5 Nf6 35. a6 c6 36. Bxc6 Rxa6 37. Bf3 Ng4+ 38. Bxg4 hxg4 39. Kg2 Kf8 40. Rd5 Ke7 41. Rb5 Ke6 42. Kf1 Ra2 43. Be3 Bf6 44. Bd2 d5 45. Be3 Kf5 46. Bd2 Ke4 47. Ke2 Ra7 48. Rb4+ Kf5 49. Kd3 Ra1 50. Be3 Rd1+ 51. Ke2 Ra1 52. Rb7 Ke6 53. Rb6+ Kf5 54. Rb7 Ke6 55. Rb6+ Kf5 56. Rd6 Ra2 57. Rxd5+ Ke6 58. Rd2 Ra1 59. Kd3 1-0

[Event "South America-ch U18 11th"]
[Site "Montevideo"]
[Date "2014.09.09"]
[Round "3"]
[White "Rosales Schulz, Kevin"]
[Black "Laenen, Matias"]
[Result "0-1"]
[WhiteElo "1905"]
[BlackElo "1900"]
[PlyCount "134"]
[EventDate "2014.09.08"]
[EventType "swiss"]
[EventRounds "9"]
[EventCountry "URU"]
[SourceTitle "EXT 2016"]
[Source "ChessBase"]
[SourceDate "2015.10.08"]
[SourceVersion "1"]
[SourceVersionDate "2015.10.08"]
[SourceQuality "1"]

1. e4 e6 2. d4 d5 3. Nd2 c5 4. exd5 exd5 5. dxc5 Bxc5 6. Ngf3 Nc6 7. Nb3 Bd6 8. Be3 Nge7 9. Be2 0-0 10. 0-0 Bg4 11. Nfd4 Bxe2 12. Qxe2 a6 13. Rfd1 Qc7 14. h3 Rad8 15. c3 Rfe8 16. Kh1 Ne5 17. Bf4 Nc4 18. Bxd6 Qxd6 19. Qc2 Qf6 20. Re1 Ng6 21. g3 b6 22. Kg2 Qg5 23. Kh2 Qf6 24. Re2 Re5 25. Rae1 Rde8 26. Rxe5 Rxe5 27. Rxe5 Qxe5 28. Nf3 Qe4 29. Qxe4 dxe4 30. Nfd2 Nxb2 31. Nxe4 f6 32. Kg2 Na4 33. Nc1 Kf7 34. f4 Nf8 35. Kf3 Ne6 36. Ke3 Nec5 37. Nxc5 bxc5 38. Ne2 Ke6 39. Ke4 f5+ 40. Ke3 Kd5 41. g4 g6 42. g5 Kc4 43. Kd2 Nb6 44. Kc2 Nd5 45. Kd2 Nb6 46. Kc2 Na4 47. Kd2 Kd5 48. Ke3 Nb2 49. h4 Nd1+ 50. Kd2 Nf2 51. Ke3 Ng4+ 52. Kf3 Kc4 53. Kg2 Ne3+ 54. Kf3 Nd1 55. Ng3 Nxc3 56. h5 Nd5 57. h6 Ne7 58. Ke3 a5 59. Ne2 a4 60. Kd2 Nd5 61. Kc2 a3 62. Kd2 Nb4 63. Ng3 Nxa2 64. Nxf5 Nb4 65. Nd6+ Kd5 66. Nb5 a2 67. Nc3+ Ke6 0-1

[Event "Donihue U2200 op"]
[Site "Donihue"]
[Date "2014.01.31"]
[Round "2"]
[White "Rosales Schulz, Kevin"]
[Black "Poblete Mella, Lautaro"]
[Result "0-1"]
[WhiteElo "1901"]
[BlackElo "2102"]
[PlyCount "145"]
[EventDate "2014.01.31"]
[EventType "swiss"]
[EventRounds "7"]
[EventCountry "CHI"]
[SourceTitle "EXT 2015"]
[Source "ChessBase"]
[SourceDate "2014.11.20"]
[SourceVersion "1"]
[SourceVersionDate "2014.11.20"]
[SourceQuality "1"]

1. e4 c5 2. Nf3 d6 3. d4 cxd4 4. Nxd4 Nf6 5. Nc3 Nc6 6. Bb5 Bd7 7. f3 a6 8. Ba4 b5 9. Bb3 e6 10. 0-0 Be7 11. Re1 0-0 12. Be3 Rc8 13. Qd2 Na5 14. Bf2 Nc4 15. Bxc4 Rxc4 16. a3 Qc7 17. Rad1 Rc8 18. g4 Qb7 19. Nb3 Qa8 20. Na5 R4c7 21. Bb6 Be8 22. Bxc7 Rxc7 23. Qf4 Qa7+ 24. Qe3 Qb8 25. Kg2 Nd7 26. g5 b4 27. axb4 Qxb4 28. Nb3 Ne5 29. h4 Nc4 30. Qd4 h6 31. Ra1 hxg5 32. hxg5 Bxg5 33. Na2 Qb7 34. Nac1 Bf6 35. Qf2 Nxb2 36. Ra2 Nc4 37. Nd3 Bc6 38. Nd4 Bd7 39. f4 e5 40. fxe5 Nxe5 41. Nxe5 Bxe5 42. Nf5 Bc6 43. Qh4 Bf6 44. Qg4 Qb4 45. Re2 Qc4 46. Ra3 Bd7 47. Rd3 Kf8 48. Qf3 Bxf5 49. exf5 Be5 50. Red2 Qh4 51. Qh3 Qg5+ 52. Kf2 Rc4 53. Re3 Rf4+ 54. Ke2 Qxf5 55. Qxf5 Rxf5 56. Ra3 g5 57. Rxa6 g4 58. Ra4 g3 59. Rg4 Ke7 60. c4 Rf2+ 61. Ke3 f5 62. Rh4 f4+ 63. Kd3 Rxd2+ 64. Kxd2 f3 65. Rg4 g2 66. Ke3 Bh2 67. Kf2 g1Q+ 68. Rxg1 Bxg1+ 69. Kxg1 Ke6 70. Kf2 Ke5 71. c5 dxc5 72. Kxf3 Kd4 73. Ke2 0-1

[Event "CHI-ch sf Centro"]
[Site "Santiago de Chile"]
[Date "2014.01.26"]
[Round "6"]
[White "Sanchez Sandoval, Gonzalo"]
[Black "Rosales Schulz, Kevin"]
[Result "1-0"]
[WhiteElo "2120"]
[BlackElo "1901"]
[PlyCount "40"]
[EventDate "2014.01.22"]
[EventType "swiss"]
[EventRounds "7"]
[EventCountry "CHI"]
[SourceTitle "CBM 158 Extra"]
[Source "ChessBase"]
[SourceDate "2014.02.28"]
[SourceVersion "1"]
[SourceVersionDate "2014.02.28"]
[SourceQuality "1"]

1. e4 e5 2. Nf3 Nc6 3. d4 exd4 4. Nxd4 Nf6 5. Nxc6 bxc6 6. e5 Qe7 7. Qe2 Nd5 8. c4 Nb6 9. Nc3 g6 10. Ne4 Bg7 11. Nf6+ Bxf6 12. exf6 Qxe2+ 13. Bxe2 0-0 14. Be3 Re8 15. 0-0-0 Re6 16. h4 Rxf6 17. h5 g5 18. h6 d6 19. Rh5 g4 20. Bd3 Be6 1-0

[Event "CHI-ch sf Centro"]
[Site "Santiago de Chile"]
[Date "2014.01.22"]
[Round "1"]
[White "Rosales Schulz, Kevin"]
[Black "Romero Araya, Diego Alonso"]
[Result "0-1"]
[WhiteElo "1901"]
[BlackElo "2239"]
[PlyCount "66"]
[EventDate "2014.01.22"]
[EventType "swiss"]
[EventRounds "7"]
[EventCountry "CHI"]
[SourceTitle "CBM 158 Extra"]
[Source "ChessBase"]
[SourceDate "2014.02.28"]
[SourceVersion "1"]
[SourceVersionDate "2014.02.28"]
[SourceQuality "1"]

1. e4 c6 2. d4 d5 3. exd5 cxd5 4. c4 Nf6 5. Nc3 Nc6 6. Nf3 Bg4 7. Be2 e6 8. c5 Be7 9. Bg5 0-0 10. 0-0 b6 11. Bb5 Bxf3 12. gxf3 Rc8 13. b4 Nxb4 14. a3 Nc6 15. Qa4 Qc7 16. Bxc6 Qxc6 17. Qxa7 Bd8 18. Qa4 bxc5 19. Qxc6 Rxc6 20. dxc5 Rxc5 21. Ne2 Be7 22. Be3 Ra5 23. a4 Rfa8 24. Rfb1 h6 25. Nc3 Rc8 26. Nb5 Rc4 27. Nd4 Rcxa4 28. Rb8+ Kh7 29. Rc1 Ra1 30. Nc6 Rxc1+ 31. Bxc1 Rc5 32. Nxe7 Rxc1+ 33. Kg2 Rc7 0-1